| 000 | 01128nam a22002897a 4500 | ||
|---|---|---|---|
| 001 | BR7802107 | ||
| 003 | BR-BrBNA | ||
| 005 | 20230928085551.0 | ||
| 007 | ta | ||
| 008 | 230509b bl.||||| |||| 00| 0 por d | ||
| 040 |
_aBR-BrBNA _bpor _cBiblioteca Nacional de Agricultura |
||
| 041 | _a(Por) | ||
| 072 |
_aE30 _b/G514 |
||
| 090 | _ E30 BR7802107 | ||
| 110 | 1 | _aSubsecretaria de Planejamento e Orcamento, Brasilia, DF (Brasil); | |
| 110 | 1 |
_aInstituto Brasileiro de Desenvolvimento Florestal, Brasilia, DF; _95726 |
|
| 110 | 1 |
_aFundacao Getulio Vargas, Rio de Janeiro, RJ (Brasil). Escola Interamericana de Administracao Publica _94905 |
|
| 111 | 1 |
_aSeminario de Desenvolvimento Agricola _cRio de Janeiro, RJ (Brazil) _d15 Aug 1977 |
|
| 245 | 1 | _aCiclo de seminarios sobre desenvolvimento planejamento e politicas agricolas, modulo 3: Seminario de Desenvolvimento Agricola [Brasil] | |
| 260 | 3 |
_aRio de Janeiro, RJ (Brasil): _c1977. |
|
| 300 | _a16 p. | ||
| 650 | _aDESENVOLVIMENTO AGRICOLA | ||
| 650 | _aPLANEJAMENTO AGRICOLA | ||
| 650 | _aPOLITICA AGRICOLA | ||
| 909 |
_a202309 _bLucia _c55 _dLucia Elande |
||
| 942 | _cBK | ||
| 999 |
_c25126 _d25126 |
||